Излучательный и безызлучательный распад электронных возбуждений в кристаллах галогенидов цезия: диссертация на соискание ученой степени кандидата физико-математических наук

Bibliographic Details
Main Author: Гафиатулина Е. С. Елена Саугановна
Corporate Author: Томский политехнический университет
Language:Russian
Published: Томск, 1998
Subjects:
Format: Book
KOHA link:https://koha.lib.tpu.ru/cgi-bin/koha/opac-detail.pl?biblionumber=8429

MARC

LEADER 00000nbm0a2200000 4500
001 8429
005 20231101204610.0
035 |a (RuTPU)RU\TPU\book\8477 
035 |a BOOK00008538 
090 |a 8429 
100 |a 20011209d1998 k y0rusy50 ca 
101 0 |a rus 
102 |a RU 
105 |a y m 000zy 
200 1 |a Излучательный и безызлучательный распад электронных возбуждений в кристаллах галогенидов цезия  |e диссертация на соискание ученой степени кандидата физико-математических наук  |f Е. С. Гафиатулина  |g Томский политехнический университет 
210 |a Томск  |d 1998 
215 |a 162 л. 
606 1 |a Кристаллы  |x Электронная структура  |2 stltpush  |3 (RuTPU)RU\TPU\subj\80307  |9 88032 
610 1 |a кристаллы 
610 1 |a электронная структура 
610 1 |a твердые тела 
610 1 |a радиационные эффекты 
610 1 |a спектрометрия 
610 1 |a физика 
610 1 |a диссертации 
675 |a 548.7(04)  |v 3 
700 1 |a Гафиатулина  |b Е. С.  |g Елена Саугановна 
712 0 2 |a Томский политехнический университет  |2 stltpush  |3 (RuTPU)RU\TPU\col\376 
801 0 |a RU  |b 63413507  |c 20011209  |g PSBO 
801 2 |a RU  |b 63413507  |c 20200928  |g PSBO 
942 |c BK